Регионална библиотека "Любен Каравелов" - Русе

Българските говори в Западна (Беломорска) и Източна (Одринска) Тракия (Запис номер 144613)

MARC детайли
000 -Лидер
Контролно поле с фиксирана дължина 01476nam a2200361 c 4500
003 - Код на организацията, давaща контролен номер
Контролно поле BLK
005 - Дата и час на последна редакция
Контролно поле 20180422112545.0
008 - Елементи от данни с фиксирана дължина
fixed length control field 180410b bul|||||r ||||||| ||bul||
010 ## - Наследен системен номер
LC control number KNG00150773000
040 ## - Източник на каталожния запис
Идентификатор на билиотеката - собственик на записа BLK
041 ## - Код за език
Код за езика на текст/звукозапис или на отделно заглавие Български
Код за езика КДБФ Български
080 ## - УДК
Текстов определител УДК Български език
УДК код - определител по УДК 811.163.2
УДК определител -087
УДК - код + определител 811.163.2-087
100 1# - Редна дума - Автор
Автор Бояджиев, Тодор Апостолов
Авторска отговорност първи автор
R(LIN) 364499
139 ## - Редно поле
Редна дума Бояджиев, Тодор Апостолов
Авторски знак Боя - Б 73
245 10 - Сведения за заглавието
Заглавие Българските говори в Западна (Беломорска) и Източна (Одринска) Тракия
Подзаглавни данни Изследване
Редно поле (дума) Тодор Апостолов Бояджиев.
257 ## - Страна на издаване
Страна на създаване/издаване България
260 ## - Област на издателските данни
-- София
Име на издателя, разпространителя и проч. Унив. изд. Св. Климент Охридски
Година на издаване 1991
300 ## - Физическа характеристика
Страници 275 с.
Илюстрации и др. с к.
Размери/Мащаб 22 см
380 ## - Жанр
Жанр Езикознание. Филология
500 ## - Общи забележки
Забележка 2 565 тир. - Библиогр. с. 206-210.
650 #4 - Допълнително описание по предмет – тема
Основно описание – тема или топоним Български език - диалекти
9 (RLIN) 241883
651 #4 - Допълнително описание по предмет - топоним
Географско понятие Източна Тракия
9 (RLIN) 246268
651 #4 - Допълнително описание по предмет - топоним
Географско понятие Беломорска Тракия
9 (RLIN) 245704
653 ## - Ключова дума – ненормативна
Ключова дума български език
653 ## - Ключова дума – ненормативна
Ключова дума диалекти
653 ## - Ключова дума – ненормативна
Ключова дума Източна Тракия
653 ## - Ключова дума – ненормативна
Ключова дума Беломорска Тракия
852 ## - Местоположение
Форматна сигнатура Цб 168163
856 4# - Електронен адрес и достъп
Електронен формат pdf - файл
Път до файла /url/
856 4# - Електронен адрес и достъп
Електронен формат pdf - файл
Път до файла /url/
942 ## - АРТИКУЛИ
Вид на библиотечния материал Книги
Скрит в OPAC Не
944 ## - СЪЗДАВАНЕ И РЕДАКЦИЯ на ЗАПИСА
Създаване/Редакция Създаване
Дата на регистрацията/редакция 25.09.2013
Статус, дата на статуса 25.09.2013 - от С1,Р / 25.09.2013
Служител, извършил регистрацията/редакцията Кети_Илиева
944 ## - СЪЗДАВАНЕ И РЕДАКЦИЯ на ЗАПИСА
Създаване/Редакция Редакция
Дата на регистрацията/редакция 25.09.2013
Статус, дата на статуса 25.09.2013 - от С1,Р / 25.09.2013
Служител, извършил регистрацията/редакцията
999 ## - СИСТЕМНИ КОНТРОЛНИ НОМЕРА
Koha biblionumber 144613
Koha biblioitemnumber 144613
Наличности
Код за отписване Код за изгубен артикул Източник на класификационната схема Код за повреда Коз за рестрикции Код за отдаване Артикулен № Име на библиотеката - собственик Име на библиотеката, в която се намира в момента Статус (Текущо местоположение) Дата на вписване в системата Местоположение - отдел Цена в лева Инвентарен номер Систематично азбучна сигнатура Баркод Номер на екземпляра Цена в евро Служебна бележка Служебен тип на артикула
Изтеглен Не е изгубен Universal Decimal Classification Не е повреден без рестрикции заемане за дома 240127 Регионална библиотека "Любен Каравелов" Русе Регионална библиотека "Любен Каравелов" Русе Заемна - подръчен фонд 1991-01-01 Заемна - подръчен фонд 1.75 565211 П 808.67/Б 92 565211 1 0.89 Вид: Сф Дата: 01.01.1991 Книги
  Не е изгубен Universal Decimal Classification Не е повреден без рестрикции ползва се в читалня 240128 Регионална библиотека "Любен Каравелов" Русе Регионална библиотека "Любен Каравелов" Русе Хранилище 1991-01-01 Хранилище 0.88 576305 Цб 168163 120000576305 2 0.45 Вид: Сф Дата: 01.01.1991 Книги
Vip Innovations Ltd, Rousse, Bulgaria 2025